Critical point theory and Hamiltonian systems

Αποθηκεύτηκε σε:
Λεπτομέρειες βιβλιογραφικής εγγραφής
Κύριος συγγραφέας: Mawhin, J.
Άλλοι συγγραφείς: Willem, Michel
Μορφή: Βιβλίο
Γλώσσα:English
Δημοσίευση: New York : Springer-Verlag, c1989
Σειρά:Applied mathematical sciences (Springer-Verlag New York Inc.)
Θέματα:
Ετικέτες: Προσθήκη ετικέτας
Δεν υπάρχουν, Καταχωρήστε ετικέτα πρώτοι!

MARC

LEADER 00000cam a2200000 i 4500
001 1/31984
008 941103s1994 eng d
020 |a 038796908X 
035 |l 10038977 
035 |a 1990  |c ΤΕΡΤΙΚΑΣ 
040 |a GR-MY-UA  |b gre  |e aacr 
041 0 |a eng 
082 0 |a 515.35  |2 (19) 
100 1 |a Mawhin, J. 
245 1 0 |a Critical point theory and Hamiltonian systems /  |c Jean Mawhin, Michel Willem 
260 |a New York :   |b Springer-Verlag,   |c c1989 
300 |a xiv, 277 p.;  |b ill.;  |c 24 cm 
490 1 |a Applied mathematical sciences (Springer-Verlag New York Inc.)  |v ; 74 
500 |a Includes index 
504 |a Bibliography: p. [240]-274 
650 0 0 |a Hamiltonian systems. 
650 0 0 |a Critical point theory (Mathematical analysis) 
700 1 |a Willem, Michel. 
830 0 |a Applied mathematical sciences (Springer-Verlag New York Inc.) 
852 |a INST  |b SAMOS  |e 19941103  |h 515.35 MAW  |p 005300003971  |q 005300003971  |t BK  |y 4  |x 20200108 
909 |a Σ  |b 018304